Multiple Choice City Quiz (Fictional) – Gotham City - Statistics

General Stats
  • This quiz has been taken 38 times
  • The average score is 8 of 10
Answer Stats
Question Answer % Correct
Who is Gotham City's most famous resident? Batman
100%
Who is the longtime police commissioner of Gotham City? Jim Gordon
97%
What is the name of Gotham's infamous psychiatric hospital? Arkham Asylum
91%
Which of these villains does not call Gotham City home? Dr. Evil
88%
What city is generally depicted as a "sister city" to Gotham City? Metropolis
88%
In what U.S. state is Gotham City general depicted to be located? New Jersey
85%
What style of architecture is most prevalent in depictions of Gotham City? Gothic
79%
Who is not considered to be a member of the "Bat Family?" Wonder Woman
76%
From what country did Gotham City's first residents come? Sweden
39%
Which of the following sports teams does not call Gotham City home? Gotham Predators soccer team
33%
No matching quizzes found
Score Distribution
Percent of People with Each Score
Percentile by Number Answered
Your Score History
You have not taken this quiz